00326nam a22000977a 4500008004100000082002000041100001900061245009100080260004300171300001400214230627b xxu||||| |||| 00| 0 eng d a338.1bNSE 1979 cJoseph Nsereko aSelected Causes of Agricultural Problems in a Peasant SocietybWith Examples of Uganda aNairobibKenya Literature Bureauc1979 aXIII,111p